|
|
|
|
| LEADER |
00000naa2a2200000 4500 |
| 001 |
606448 |
| 005 |
20231101132413.0 |
| 035 |
|
|
|a (RuTPU)RU\TPU\conf\3827
|
| 035 |
|
|
|a RU\TPU\conf\3810
|
| 090 |
|
|
|a 606448
|
| 100 |
|
|
|a 20140529d2014 k y0rusy50 ca
|
| 101 |
0 |
|
|a rus
|
| 102 |
|
|
|a RU
|
| 105 |
|
|
|a y z 101zy
|
| 135 |
|
|
|a drgn ---uucaa
|
| 181 |
|
0 |
|a i
|
| 182 |
|
0 |
|a b
|
| 200 |
1 |
|
|a Определение ОКР и среднего размера частиц карбида вольфрама WC[1-X]
|f К. Н. Шатрова
|g науч. рук. А. А. Сивков
|
| 203 |
|
|
|a Текст
|c электронный
|
| 225 |
1 |
|
|a Нанотехнологии, пучково-плазменные технологии создания материалов с заданными свойствами
|
| 230 |
|
|
|a 1 компьютерный файл (pdf; 458 Кб)
|
| 300 |
|
|
|a Заглавие с титульного экрана
|
| 320 |
|
|
|a [Библиогр.: с. 90 (7 назв.)]
|
| 337 |
|
|
|a Adobe Reader
|
| 463 |
|
0 |
|0 (RuTPU)RU\TPU\conf\3591
|t Ресурсоэффективным технологиям - энергию и энтузиазм молодых
|o Сборник научных трудов V Всероссийской конференции студентов элитного технического образования, г. Томск, 25 -27 марта 2014 г.
|f Национальный исследовательский Томский политехнический университет (ТПУ)
|v [С. 87-90]
|d 2014
|
| 610 |
1 |
|
|a труды учёных ТПУ
|
| 610 |
1 |
|
|a электронный ресурс
|
| 610 |
1 |
|
|a карбид вольфрама
|
| 610 |
1 |
|
|a нанопорошки
|
| 610 |
1 |
|
|a размеры
|
| 610 |
1 |
|
|a рентгеновская дифрактометрия
|
| 700 |
|
1 |
|a Шатрова
|b К. Н.
|
| 702 |
|
1 |
|a Сивков
|b А. А.
|c специалист в области электроэнергетики
|c профессор Томского политехнического университета, доктор технических наук
|f 1951-
|g Александр Анатольевич
|2 stltpush
|4 727
|
| 712 |
0 |
2 |
|a Национальный исследовательский Томский политехнический университет (ТПУ)
|b Энергетический институт (ЭНИН)
|b Кафедра электроснабжения промышленных предприятий (ЭПП)
|h 186
|2 stltpush
|3 (RuTPU)RU\TPU\col\18676
|
| 801 |
|
2 |
|a RU
|b 63413507
|c 20210709
|g RCR
|
| 856 |
4 |
|
|u http://earchive.tpu.ru/handle/11683/66019
|
| 856 |
4 |
|
|u http://www.lib.tpu.ru/fulltext/c/2014/C08/031.pdf
|
| 942 |
|
|
|c BK
|